| 000 | 00697nam a22002057a 4500 | ||
|---|---|---|---|
| 999 |
_c12347 _d12347 |
||
| 003 | AR-CdUCM | ||
| 008 | 190408b ||||| |||| 00| 0 spa d | ||
| 040 |
_aMUNICIPALIDAD PROVINCIAL DEL CUSCO _cBIBLIOTECA MUNICIPAL DEL CUSCO |
||
| 082 |
_a348.42 / _bF17 |
||
| 100 |
_aFajardo, J. V. _930164 |
||
| 245 | _aCogido de aguas e errigación / | ||
| 260 |
_aLima : _bMercurio. |
||
| 300 |
_a291 páginas ; _c19 cm. |
||
| 505 | _aContenido : Código de aguas e irrigacion -- De las servidumbres -- Reglamento general para el uso de las aguas de regadío ... | ||
| 650 |
_aReglamento _913775 |
||
| 650 |
_aAgua _919441 |
||
| 650 |
_aLeyes _94808 |
||
| 942 |
_2ddc _cLIBROS |
||
| 945 |
_arah _d08/04/2019 |
||